000 00476nam a22002057a 4500
001 21544
005 20260312091216.0
008 260312b |||||||| |||| 00| 0 spa d
041 _aESP
082 _a627.13
_bV68 2015
100 _aVillón Béjar, Máximo
245 _aHidráulica de canales
260 _a :
_b ,
_c2019
300 _a508 páginas :
_b ;
_c21 cm.
_e
440 _a ;
650 _aTCA
654 _aCIC
700 _a;
942 _cLIB
_dJUS
_fJUS
_2ddc
999 _c21544
_d21544